00397nam a22001337a 45000050016000000200023000160350013000390370013000521000019000652450091000842600044001753000025002197000019002442012050908378.0 a8120314182c150.00 aA-950879 aDPLbENG aHeady, Christy aThe complete Idiot's guide to managing your money /cby Christy Heady and Robert Heady aNew DelhibPrentice-Hall of Indiac1998 axvii, 420p.c22 cms. aHeady, Robert